Normal view
MARC view
Entry Personal Name
001 - CONTROL NUMBER
- control field: 772115
003 - CONTROL NUMBER IDENTIFIER
- control field: OSt
005 - DATE AND TIME OF LATEST TRANSACTION
- control field: 20250508162030.0
008 - FIXED-LENGTH DATA ELEMENTS
- fixed length control field: 250508|| aca||aabn | a|a d
040 ## - CATALOGING SOURCE
- Original cataloging agency: OSt
- Transcribing agency: OSt
100 ## - HEADING--PERSONAL NAME
- Personal name: Aggarwal Din Dayal
670 ## - SOURCE DATA FOUND
- Source citation: Work cat.: (OSt)1373952: Aggarwal Din Dayal, Investigation into the existing conditions in physical science laboratories in some government school's of Delhi under 10 plus 2 pattern, 1980
